000 00924nas a2200313 4500
001 BR0903413
003 BR-BrBNA
005 20231205114120.0
007 ta
008 230509b bl.|||p| |||| 00| 00por d
040 _aBR-BrBNA
_bpor
_cBiblioteca Nacional de Agricultura
041 _a(Pt)
072 _aF01; E16
100 1 _aPenteado Junior, J.F.
100 1 _aMay-de-mio, L.L.
100 1 _aMonteiro, L.B.
100 1 _aGayer Neto, W.
245 1 _aApropriação e análise de custo de implantação de pomar de pessegueiro
_bNota científica
650 _aPOMAR
650 _aPÊSSEGO
650 _aÁNALISE ECONÔMICA
650 _aCUSTO
650 _aIMPLANTAÇÃO DE CULTURA
650 _aFRUTICULTURA
650 _aTECNOLOGIA
773 0 _tScientia Agraria (Brazil)
_xISSN 1519-1125
_g(2008), v. 9(1) p. 117-122
_wBR0903413
909 _a202311
_bLúcia
_c55
_dLúcia Elande
942 _2AGRIS
_n0
_cANA
999 _c207145
_d207145